Personnages de vieilles séries françaises - Statistiques

Statistiques générales
  • Ce quiz a été pris 3 fois
  • Le résultat moyen est 11 sur 100
Statistiques - réponses
Acteur/actrice LES THIBAULT % Correct
Philippe Rouleau Antoine Thibault
67%
Christian Marin Ernest Laverdure
67%
Bernard Noël François Vidocq
67%
Céline Léger Isabelle
67%
François Dunoyer Jacques Thibault
67%
Yves Rénier Jean-Paul Moulin
67%
Jules Maigret Jean Richard
67%
Jacques Santi Michel Tanguy
67%
Charles Vanel Oscar Thibault
67%
Mehdi El Glaoui Sébastien
67%
André Lawrence Thibaud
67%
Greg Germain Alpha
33%
Jean Marais Joseph Balsamo
33%
Marthe Keller Kristina
33%
Catherine Allégret Léone
33%
Georges Beller Michel
33%
Jean-Claude Bouillon Paul Valentin
33%
Amadeus August Quentin Durward
33%
Jean Piat Robert d'Artois
33%
Pierre Vernier Rocambole
33%
Jean-Claude Drouot Rodolphe Vernet
33%
Jacques Fabbri Schulmeister
33%
Jean-Claude Drouot Thierry la Fronde
33%
MaÏa Simon Adeline Boussardel
0%
Nicole Courcel Agnès Boussardel
0%
Alexandre Rignault Alexandre
0%
Colette Teissèdre Alice Molivant
0%
Jean Topart Andréa de Felipone
0%
Hélène Dieudonné Angèle
0%
Judith Magre Anne de Battaincourt
0%
Geneviève Fontanel Annette
0%
Edmond Beauchamp Antoine Gauthier
0%
Geneviève Fontanel Arabella
0%
Philippe Avron Bertrand
0%
Raymond Meunier Blanchot
0%
Edward Meeks Bob Curry
0%
Edmond Beauchamp César
0%
Jean Desailly chevalier de Maison rouge
0%
Etienne Chicot Christophe
0%
François Maistre Claude Faivre
0%
Francis Lax Devos
0%
Brigitte Fossey Dominique Vernet
0%
Simone Signoret Elisabeth Massot
0%
Lise Delamare Emma Boussardel
0%
Micheline Presle Eve Lagarde
0%
Daniel Sarky Ferdinand Boussardel
0%
Alain Mottet Flambart
0%
François Dalou Florent Boussardel
0%
Max Doria Fortunat Mejeannes
0%
Michel Duchaussoy Francis Walder de Neuville
0%
Louis Velle François Fonsalette
0%
Max Amyl François Gauthier
0%
André Laurence Frédéric Vernet
0%
Jacques Monod garde des sceaux
0%
Udo Kier Gilbert
0%
Jean-Paul Tribout Gustave Pujol
0%
Roger Carel Hammel
0%
Paulette Dubost Hélène Gauthier
0%
Maxime Fabert Henri Gauthier
0%
Geneviève Casile Isabelle de France
0%
Janine Vila Janique Gauthier
0%
Christian Rémy Janvier
0%
Pierre Santini Jean-Pierre Villequier
0%
Christian Barbier Joseph Durtol
0%
Marie-José Nat Julia Angellier
0%
Pierre Santini Julien Durtol
0%
André Dussollier Louis Boussardel
0%
Janine Crispin Louise
0%
Michel Vitold Louis XI
0%
Guy Tréjean Louis XV
0%
François Cadet Lucas
0%
Marie-France Pisier Ludivine Peyrissac
0%
Noël Roquevert Ludovic Lesly
0%
Gilette Barbier Madeleine Rouveyre
0%
Hélène Duc Mahaut d'Artois
0%
Pierre Maguelon Marcel Terrasson
0%
Annie Ducaux Marie-Antoinette
0%
Alice Sapritch Mathilde
0%
Michel Le Royer Maurice Lindet
0%
Georges Wilson Michel Ozareff
0%
Samson Fainsilbert Molivant
0%
Gillian Hills Nancy
0%
Jean-Claude Dauphin Nicolas
0%
Michel Robbe Nicolas Ozareff
0%
Hélène Dieudonné Noémie Rouveyre
0%
Serge Srour Philippe Lagarde
0%
Georges Marchel Philippe le Bel
0%
Daniel Gélin Pierre Lagarde
0%
André Chazel Pierre Laurent
0%
Yves Rénier Pierre Ribard
0%
Jacques Balutin Richard
0%
Dominique Paturel Roger Lorin
0%
Natacha Amal Samantha Beaumont
0%
Nina Demestre Sophie Lagarde
0%
Chantal Nobel Sophie Lambrefoux
0%
Louis Seigner Spinello Tolomei
0%
Yvette Etiévant Thérèse Durtol
0%
Claude Brosset Tourangeau sans quartier
0%
Sylvain Joubert Toussaint Rouveyre
0%
Léone Veron Yvette Durtol
0%
Aucun quiz correspondant
Distribution des résultats
% des personnes avec chaque résultat
Percentile par nombre de réponses
Votre historique - résultats
Vous n’avez pas pris ce quiz